Central Library OPAC University of Rajshahi

রূহানী বিজ্ঞান / (Record no. 40609)

MARC details
000 -LEADER
fixed length control field 00841nam a2200229 a 4500
001 - CONTROL NUMBER
control field 40609
003 - CONTROL NUMBER IDENTIFIER
rucl marc code BD-RjUL
005 - DATE AND TIME OF LATEST TRANSACTION
control field 20211209053242.0
008 - FIXED-LENGTH DATA ELEMENTS--GENERAL INFORMATION
fixed length control field 160507s1982 bg ||||| |||| 00| 0 ben d
020 ## - INTERNATIONAL STANDARD BOOK NUMBER
Terms of availability Tk. 15.00
035 ## - SYSTEM CONTROL NUMBER
System control number (BD-RjUL)40724
040 ## - CATALOGING SOURCE
Original cataloging agency BD-RjUL
Language of cataloging ben
Transcribing agency BD-RjUL
041 ## - LANGUAGE CODE
Language code of text/sound track or separate title ben
082 ## - DEWEY DECIMAL CLASSIFICATION NUMBER
Edition number 23
Classification number 297.57
Author mark and year RAR 1982
100 ## - MAIN ENTRY--PERSONAL NAME
Personal name রহমান, শেখ ফজলুর
9 (RLIN) 124977
245 10 - TITLE STATEMENT
Title রূহানী বিজ্ঞান /
Statement of responsibility, etc. শেখ ফজলুর রহমান
260 ## - PUBLICATION, DISTRIBUTION, ETC. (IMPRINT)
Place of publication, distribution, etc. ঢাকা :
Name of publisher, distributor, etc. ইসলামিক ফাউন্ডেশন বাংলাদেশ,
Date of publication, distribution, etc. ১৯৮২
300 ## - PHYSICAL DESCRIPTION
Pagination [১৬], ১৪৪ পৃ. ;
Size ২০ সেমি.
650 ## - SUBJECT ADDED ENTRY--TOPICAL TERM
Topical term or geographic name as entry element আধ্যাত্মিক জীবন
General subdivision ইসলাম
9 (RLIN) 124978
Topical term or geographic name as entry element Spiritual life
General subdivision Islam
9 (RLIN) 124979
942 ## - ADDED ENTRY ELEMENTS (KOHA)
Source of classification or shelving scheme Dewey Decimal Classification
Koha item type Books
Holdings
Lost status Source of classification or shelving scheme Damaged status Not for loan Collection code Permanent Location Current Location Shelving location Date acquired Source of acquisition Total Checkouts Full call number Date last seen Copy number Koha item type Cost, normal purchase price
  Dewey Decimal Classification     Non-fiction Central Library, University of Rajshahi Central Library, University of Rajshahi   31/10/1983 Islmic faundation, Rajshahi   B 297.57 RAR 1982 07/05/2016 C-2 Books  
  Dewey Decimal Classification     Non-fiction Central Library, University of Rajshahi Central Library, University of Rajshahi   30/08/1983 Islmic faundation, Rajshahi   B 297.57 RAR 1982 02/06/2016 C-3 Books 0.00